What the 'H' Typing Challenge Quiz Stats

 Plays Quiz Updated Oct 2, 2014

Challenge
Share
Tweet
Score 0/52 Timer 02:00
1 Play Today
Hint Answer % Correct
Column 1hi
99.9%
Column 1hat
99.3%
Column 1ash
98.9%
Column 1how
98.6%
Column 1the
98.3%
Column 1him
98.3%
Column 1show
98.1%
Column 1here
98.1%
Column 1bath
97.9%
Column 1chin
97.8%
Column 1hustle
97.8%
Column 1horse
97.7%
Column 1phone
97.7%
Column 2whn
94.9%
Column 2hhh
94.5%
Column 2qhhz
93.8%
Column 2hhlp
93.4%
Column 2dhhr
93.1%
Column 2ghmh
92.8%
Column 2fhwl
92.6%
Column 2brhhd
92.4%
Column 2hskhd
91.8%
Column 2thwhr
91.5%
Column 2ghmblh
91%
Column 2phsshhn
90.1%
Column 2fhhthrh
89.4%
Hint Answer % Correct
Column 3skhe
85.7%
Column 3dukh
84.3%
Column 3inckh
82.5%
Column 3khack
80.6%
Column 3rickh
79.2%
Column 3tkhat
77.6%
Column 3khuskh
74.8%
Column 3wkhickh
71.2%
Column 3poker
68.5%
Column 3buskhy
65.5%
Column 3kkhaki
61.4%
Column 3loatkhe
57.7%
Column 3tkhougkht
52.5%
Column 4cih
43.7%
Column 4kit
40.8%
Column 4cuhm
37.2%
Column 4ahlf
33.9%
Column 4tihng
29.6%
Column 4gohst
27%
Column 4itcyh
24.3%
Column 4sihne
22.2%
Column 4basehd
19.5%
Column 4cohsen
17.1%
Column 4patcehs
15%
Column 4wehtehr
11.9%
Column 4cuhrcehs
9%

You're not logged in!

Compare scores with friends on all Sporcle quizzes.
OR
Log In

You Might Also Like...

Show Comments

Extras

Top Quizzes Today


Score Distribution

Your Account Isn't Verified!

In order to create a playlist on Sporcle, you need to verify the email address you used during registration. Go to your Sporcle Settings to finish the process.

Report this User

Report this user for behavior that violates our Community Guidelines.

Details: